Sports Quiz

Random Sports or NBA Quiz

Individual Game Highs NBA 2014-15 Quiz Stats

 Plays Quiz not verified by Sporcle

Also try: NCAA Helmets
Challenge
Share
Tweet
Embed
Score 0/6 Timer 02:00
0 Plays Today
Amount Answer % Correct
3 PointersKlay Thompson, Kyrie Irving
96%
PointsKyrie Irving
81.5%
BlocksHassan Whiteside
77.4%
ReboundsDeandre Jordan
75.8%
AssistsBrandon Jennings
41.1%
StealsTony Allen, Robert Covington
27.4%

You're not logged in!

Compare scores with friends on all Sporcle quizzes.
Join for Free
OR
Log In

You Might Also Like...

Show Comments

Extras

Top Quizzes Today


Score Distribution

Your Account Isn't Verified!

In order to create a playlist on Sporcle, you need to verify the email address you used during registration. Go to your Sporcle Settings to finish the process.

Report this User

Report this user for behavior that violates our Community Guidelines.

Details: